Nickel and chromium plating /

Guardado en:
Autor Principal: Dennis, J. K.
Otros Autores: Such, T. E.
Formato: Libro
Idioma:English
Publicado: London : Newnes-Butterworth, 1972.
Materias:
Etiquetas: Agregar Etiqueta
Sin Etiquetas, Sea el primero en etiquetar este registro!
LEADER 00783nam a22002415a 4500
001 EIQ.libpla002468
008 730301s1972####enkao####b####001#0#eng#d
005 20070620152856.0
245 1 0 |a Nickel and chromium plating /  |c [by] J. K. Dennis [and] T. E. Such. 
260 |a London :  |b Newnes-Butterworth,  |c 1972. 
300 |a [7], 325 p. :  |b il., fotos ;  |c 24 cm. 
504 |a Incluye referencias bibliográficas e índice. 
020 |a 0408000864 
100 1 |a Dennis, J. K. 
700 1 |a Such, T. E. 
082 0 0 |a 671/.732 
650 4 |a Procesos  |x Niquelado. 
650 4 |a Procesos  |x Cromado. 
650 4 |a Processes  |x Chromium-plating. 
650 4 |a Processes  |x Nickel-plating. 
010 |a  72172167  
040 |a DLC  |c DLC  |d AR-BbSID 
859 |a AR-BbSID  |b BIB. PLAPIQUI  |h 671.73  |i D 423  |p 2108